Dynamic folk toys : (Record no. 134332)

MARC details
000 -LEADER
fixed length control field 00761nam a22002297a 4500
005 - DATE AND TIME OF LATEST TRANSACTION
control field 20170124110224.0
010 ## - LIBRARY OF CONGRESS CONTROL NUMBER
LC control number A-371410
020 ## - INTERNATIONAL STANDARD BOOK NUMBER
Terms of availability 00.00
035 ## - SYSTEM CONTROL NUMBER
System control number A-371410
037 ## - SOURCE OF ACQUISITION
Source of stock number/acquisition Cen Lib/Ret
040 ## - CATALOGING SOURCE
Original cataloging agency DPL
Language of cataloging EN
082 ## - DEWEY DECIMAL CLASSIFICATION NUMBER
Classification number 745.552
Item number KHA
100 ## - MAIN ENTRY--PERSONAL NAME
Personal name Khanna, Sudarshan
9 (RLIN) 40452
245 ## - TITLE STATEMENT
Title Dynamic folk toys :
Statement of responsibility, etc by Sudarshan Khanna
Remainder of title Indian toys based on the application of simple principles of science and technology /
260 ## - PUBLICATION, DISTRIBUTION, ETC. (IMPRINT)
Place of publication, distribution, etc New Delhi
Name of publisher, distributor, etc Development Commissioner For Handicrafts
Date of publication, distribution, etc 1983
270 ## - ADDRESS
Address West Block No. -7 Ramakrishna Puram
City New Delhi
Postal code 110044
300 ## - PHYSICAL DESCRIPTION
Extent v,49p. :
Dimensions 22cm(Hb)
Other physical details ill.
650 ## - SUBJECT ADDED ENTRY--TOPICAL TERM
Topical term or geographic name as entry element Toys
Geographic subdivision India
9 (RLIN) 40453
650 ## - SUBJECT ADDED ENTRY--TOPICAL TERM
Topical term or geographic name as entry element Folk Toys
9 (RLIN) 40454
700 ## - ADDED ENTRY--PERSONAL NAME
9 (RLIN) 39937
942 ## - ADDED ENTRY ELEMENTS (KOHA)
Source of classification or shelving scheme Dewey Decimal Classification
Koha item type English Books
Classification part 745.552
Call number suffix KHA
Holdings
Withdrawn status Lost status Damaged status Not for loan Collection code Home library Current library Date acquired Source of acquisition Cost, normal purchase price Total Checkouts Full call number Barcode Date last seen Copy number Cost, replacement price Price effective from Koha item type
      Not For Loan Reference Central Library Central Library 29/07/2015 Cen Lib/Ret 0.00   745.552 KHA A-371410 29/07/2015 1 0.00 29/07/2015 English Books

© Delhi Public Library
Hit Counter
free hit counter